000 00881nam0a22002651 4500
001 rc\949415
005 20041129100101.2
035 _a(NLR Aleph) 006121211
090 _a5462920
_c5462920
100 _a20041129d1982 u |0rusy50 ca
101 0 _arus
102 _aRU
105 _ay |||||||||
200 1 _aСозидательная сила братской дружбы
_eО сотрудничестве КПСС и БКП
_fВ.А. Молодов, к. э. н.
210 _aМ.
_cБ. и.
_d1982
215 _a42 с.
_d22
225 1 _aМатериал в помощь лектору
300 _aВ надзаг.: Моск. обл. орг. о-ва "Знание" РСФСР
320 _aБиблиогр.: с. 42
700 1 _aМолодов
_bВ. А.
801 0 _aRU
_bNLR
_gpsbo
801 1 _aRU
_bELAR
_2rusmarc
852 _aNLR
_j82-4/32011
942 _cBOOK
980 _aNB